| 000 | 01269nam a2200373 i 4500 | ||
|---|---|---|---|
| 001 | 14594 | ||
| 003 | KOSZ 005 | ||
| 005 | 20221219092153.0 | ||
| 008 | 070608s1971 pl a f 000 0 pol | ||
| 015 | _aPB 1972/233 | ||
| 040 |
_aWA N _cWA N _dKOSZ 005/RW |
||
| 046 | _k1971 | ||
| 080 | _a005 | ||
| 080 | _a004 | ||
| 100 | 1 |
_aKoźmiński, Andrzej Krzysztof _d(1941- ) _eAutor |
|
| 245 | 1 | 0 |
_aZarządzanie systemowe / _cAndrzej K. Koźmiński. |
| 260 |
_aWarszawa : _bPaństwowe Wydawnictwo Ekonomiczne, _c1971. |
||
| 300 |
_a178, [2] stron : _bilustracje ; _c18 cm. |
||
| 336 |
_aTekst _btxt _2rdacontent |
||
| 337 |
_aBez urządzenia pośredniczącego _bn _2rdamedia |
||
| 338 |
_aWolumin _bnc _2rdacarrier |
||
| 380 | _aKsiążki | ||
| 388 | _a1901-2000 | ||
| 490 | 1 | _aBiblioteka Dyrektora. | |
| 504 | _aBibliografia na stronach [174]-178. | ||
| 650 | 4 | _aAnaliza systemowa | |
| 650 | 4 | _aZarządzanie | |
| 650 | 4 | _aSystemy informatyczne zarządzania | |
| 658 | _aZarządzanie i marketing | ||
| 710 | 2 |
_aPaństwowe Wydawnictwo Ekonomiczne _4pbl. |
|
| 856 |
_uhttp://koha.tu.koszalin.pl/cgi-bin/koha/opac-detail.pl?biblionumber=14594 _yKatalog online BPK |
||
| 830 | 0 | _aBiblioteka Dyrektora | |
| 942 |
_2UKD _cKS |
||
| 999 |
_c14594 _d14594 |
||